|
|
|
|
| LEADER |
00000cam a2200000 7i4500 |
| 001 |
0000006639 |
| 005 |
20220105104024.0 |
| 008 |
070817 |
| 020 |
|
|
|a 9830532283(set)
|
| 020 |
|
|
|a 983053233X
|
| 090 |
0 |
0 |
|a JP
|b SC ENG (6836)
|
| 100 |
0 |
|
|a Abd.Azim Rashidi
|
| 245 |
1 |
0 |
|a Plants around us
|c Abd.Azim Rashidi
|
| 260 |
|
|
|a Kuala Lumpur :
|b Pustaka Prinsip ,
|c 2004
|
| 440 |
|
|
|a Basic Science series
|
| 500 |
|
|
|a Children age 4-6 years old (yellow)
|
| 650 |
|
0 |
|a Readers
|x science
|
| 710 |
0 |
|
|a Title:Tumbuhan di sekeliling kita
|
| 999 |
|
|
|a 0000986180
|b Book
|c Children Collection
|e Cawangan Tangkak
|
| 999 |
|
|
|a 0000986181
|b Book
|c Children Collection
|e Perbadanan Perpustakaan Awam Johor
|
| 999 |
|
|
|a 0000986182
|b Book
|c Children Collection
|e Cawangan Taman Universiti
|
| 999 |
|
|
|a 0000986183
|b Book
|c Children Collection
|e Perbadanan Perpustakaan Awam Johor
|
| 999 |
|
|
|a 0000986184
|b Book
|c Children Collection
|e Cawangan Batu Pahat
|